000 01860nam0a2200361 4500
001 RU\NLR\BIBL_A\012717378
005 20220421162157.0
010 _a978-5-4468-9781-0
_91500
021 _aRU
_bКН-П-21-076805
_9КН-П-21-6124
035 _a(NLR Aleph) 012717378
035 _a(RuMoRGB)010867062
090 _a12929579
_c12929579
100 _a20220228d2022 u y0rusy50 ca
101 0 _arus
102 _aRU
105 _ay|||j|||000zy
181 0 _ai
_baxxe
182 1 _an
200 1 _aСоставление и использование бухгалтерской (финансовой) отчетности
_eучебник
_eдля студентов учреждений среднего профессионального образования, обучающихся по специальности "Экономика и бухгалтерский учет (по отраслям)"
_fЕ. А. Мезина
203 _aТекст
_bвизуальный
_cнепосредственный
210 _aМосква
_cАкадемия
_d2022 [т.е. 2021]
215 _a249, [1] с.
_d22
225 1 _aПрофессиональное образование
_iПрофессиональный модуль
300 _aФактическая дата выхода в свет - 2021
320 _aБиблиогр.: с. 245-246
333 _a12+
606 1 _aБухгалтерский учет
_xОтчетность
_yРоссийская Федерация
_jУчебники для среднего профессионального образования
_2nlr_sh1
_2nlr_sh2
_3RU\NLR\AUTH\661255066
686 1 _aУ052.9(2)2-15(2Р)я723
700 1 _aМезина
_bЕ. А.
_gЕлена Анатольевна
942 _cBOOK
980 _aNB